| 000 | 00476nam a2200193 a 4500 | ||
|---|---|---|---|
| 001 | 1770452608339 | ||
| 003 | YourLibrary | ||
| 005 | 20260207135625.0 | ||
| 008 | 260207s2009##################000#0#eng## | ||
| 020 | _a9780176501037 | ||
| 082 | 0 | 4 |
_a305.800971 _bHEN |
| 100 | 1 |
_aHenry, Frances, _eauthor. |
|
| 245 | 1 | 0 | _aThe Colour of Democracy : |
| 260 | _c2009. | ||
| 300 | _a398 pages | ||
| 650 | 0 | _aCanada. | |
| 942 | _cENGLISH | ||
| 040 |
_aYourLibrary _beng _cYourLibrary |
||
| 999 |
_c610880 _d610880 |
||